[Event "Women's Speed Chess Q7"]
[Site "chess.com INT"]
[Date "2021.06.06"]
[Round "21"]
[White "Antolak, Julia"]
[Black "Arpita, Mukherjee"]
[Result "0-1"]
[WhiteTitle "WIM"]
[BlackTitle "WIM"]
[WhiteElo "2309"]
[BlackElo "2206"]
[WhiteFideId "1159569"]
[BlackFideId "5056403"]
[EventDate "2021.06.06"]

1. e4 c5 2. Nf3 d6 3. d4 cxd4 4. Nxd4 Nf6 5. Nc3 a6 6. Nb3 e5 7. Bg5 Be6 8. f4
exf4 9. Qd2 Be7 10. O-O-O O-O 11. Bxf4 Qb6 12. Bxd6 Rd8 13. e5 Nc6 14. exf6 Bxd6
15. Bd3 Nb4 16. fxg7 Nxd3+ 17. cxd3 Bxb3 18. axb3 Qxb3 19. Kb1 Rac8 20. Rhf1 Be5
21. Ne4 Rxd3 22. Qf2 Rxd1+ 23. Rxd1 Qxd1+ 24. Ka2 Qa4+ 25. Kb1 Qxe4+ 0-1

[Event "Women's Speed Chess Q7"]
[Site "chess.com INT"]
[Date "2021.06.06"]
[Round "21"]
[White "Morris-Suzuki, Sophie"]
[Black "Eswaran, Ashritha"]
[Result "1-0"]
[WhiteTitle "WFM"]
[BlackTitle "WIM"]
[WhiteElo "2043"]
[BlackElo "2244"]
[WhiteFideId "30922615"]
[BlackFideId "2080788"]
[EventDate "2021.06.06"]

1. e4 c5 2. Nc3 Nc6 3. Bb5 Nd4 4. Bc4 e6 5. Nf3 Ne7 6. Nxd4 cxd4 7. Nb5 d6 8.
Nxd4 Nc6 9. Nf3 Be7 10. d4 d5 11. exd5 exd5 12. Bd3 Bg4 13. c3 Qd7 14. O-O O-O
15. h3 Bf5 16. Re1 Bxd3 17. Qxd3 Bf6 18. Bf4 Rfe8 19. Ne5 Bxe5 20. dxe5 Qe6 21.
Rad1 Rad8 22. Bg5 Rd7 23. f4 Qg6 24. Qf3 d4 25. Qg4 Qe6 26. f5 Qxa2 27. Bf6 g6
28. Qg5 Ne7 29. Rf1 Qa6 30. Qh6 Qxf6 31. exf6 Nxf5 32. Rxf5 gxf5 33. Qg7# 1-0

[Event "Women's Speed Chess Q7"]
[Site "chess.com INT"]
[Date "2021.06.06"]
[Round "21"]
[White "Hng, Mei-En Emmanuelle"]
[Black "Kanyamarala, Trisha"]
[Result "1-0"]
[WhiteTitle "WFM"]
[BlackTitle "WIM"]
[WhiteElo "2013"]
[BlackElo "2180"]
[WhiteFideId "5804566"]
[BlackFideId "45004722"]
[EventDate "2021.06.06"]

1. e4 c5 2. d4 cxd4 3. c3 Nf6 4. e5 Nd5 5. Qxd4 e6 6. Nf3 Nc6 7. Qe4 d6 8. exd6
Bxd6 9. Bc4 Nf6 10. Qe2 O-O 11. O-O a6 12. Rd1 Qc7 13. Bg5 Be7 14. Nbd2 b5 15.
Bb3 Bb7 16. h3 Rfd8 17. Ne4 Nxe4 18. Qxe4 Na5 19. Qh4 Bxg5 20. Nxg5 h6 21. Ne4
Qc6 22. Rxd8+ Rxd8 23. Qxd8+ Kh7 24. Bc2 f5 25. Qxa5 fxe4 26. Re1 Qc4 27. Qb4
Bd5 28. Qxc4 bxc4 29. Bxe4+ Kg8 30. Bxd5 exd5 31. Re5 Kf8 32. Rxd5 Ke7 33. Rc5
Ke6 34. Rxc4 1-0

[Event "Women's Speed Chess Q7"]
[Site "chess.com INT"]
[Date "2021.06.06"]
[Round "21"]
[White "Purtseladze, Maka"]
[Black "Padmini, Rout"]
[Result "0-1"]
[WhiteTitle "IM"]
[BlackTitle "IM"]
[WhiteElo "2274"]
[BlackElo "2370"]
[WhiteFideId "13602659"]
[BlackFideId "5029295"]
[EventDate "2021.06.06"]

1. d4 Nf6 2. Nc3 d5 3. Bf4 g6 4. e3 Bg7 5. Bd3 O-O 6. Nce2 c5 7. c3 Nc6 8. Nf3
Ne4 9. O-O b6 10. Bxe4 dxe4 11. Nd2 f5 12. Nc4 Qd5 13. b3 Ba6 14. dxc5 Qxc5 15.
Nd4 Bxc4 16. bxc4 Qxc4 17. Qb3 Na5 18. Qxc4+ Nxc4 19. a4 e5 20. Ne6 exf4 21.
Nxf8 Rxf8 22. exf4 Rd8 23. Rfd1 Rd3 24. g3 Bxc3 25. Rac1 Nb2 26. Rxd3 exd3 27.
Rxc3 d2 28. Rc8+ Kf7 29. Rd8 d1=Q+ 30. Rxd1 Nxd1 0-1

[Event "Women's Speed Chess Q7"]
[Site "chess.com INT"]
[Date "2021.06.06"]
[Round "21"]
[White "Zaichenko, Daria"]
[Black "Fernandez, Maria Florencia"]
[Result "0-1"]
[WhiteTitle "WFM"]
[BlackTitle "WIM"]
[WhiteElo "2104"]
[BlackElo "2229"]
[WhiteFideId "4197453"]
[BlackFideId "116459"]
[EventDate "2021.06.06"]

1. e4 d6 2. Nf3 Nf6 3. Nc3 g6 4. d4 Bg7 5. Bc4 O-O 6. O-O c6 7. e5 dxe5 8. Nxe5
Nd5 9. Nxd5 cxd5 10. Bd3 Nc6 11. Nxc6 bxc6 12. c3 e5 13. dxe5 Bxe5 14. Bh6 Qh4
15. f4 Qxh6 16. fxe5 Qe3+ 17. Kh1 Qxe5 18. Qf3 Qg7 19. Rae1 Be6 20. c4 dxc4 21.
Be4 Qxb2 22. Bxc6 Rad8 23. h3 Qxa2 24. Qf6 c3 25. Qxc3 Rc8 26. Qf3 Rxc6 27. Ra1
Qd5 28. Qxd5 Bxd5 29. Rxa7 Rc2 30. Rg1 Re8 31. Rd7 Bc6 32. Rd5 Bxd5 33. h4 Ree2
34. h5 Rxg2 35. Rxg2 Rxg2 36. hxg6 Rxg6+ 37. Kh2 f5 38. Kh3 f4 39. Kh2 f3 40.
Kh3 f2 41. Kh2 Rg7 42. Kh3 f1=Q+ 43. Kh4 Qh1# 0-1

[Event "Women's Speed Chess Q7"]
[Site "chess.com INT"]
[Date "2021.06.06"]
[Round "21"]
[White "Mohota, Nisha"]
[Black "Ortez, Andrea"]
[Result "1-0"]
[WhiteTitle "IM"]
[BlackTitle "WIM"]
[WhiteElo "2195"]
[BlackElo "1969"]
[WhiteFideId "5004330"]
[BlackFideId "6702392"]
[EventDate "2021.06.06"]

1. b3 e6 2. Bb2 d5 3. e3 c5 4. f4 Nf6 5. Nf3 Nc6 6. Bb5 Be7 7. Bxc6+ bxc6 8. O-O
O-O 9. Ne5 Qc7 10. d3 Nd7 11. Qg4 f6 12. Qxe6+ Kh8 13. Nf7+ Rxf7 14. Qxf7 Qd8
15. Nd2 Nf8 16. Qh5 d4 17. exd4 cxd4 18. Ne4 Be6 19. f5 Bd5 20. Rf3 Nd7 21. Rh3
h6 22. Rf1 Qe8 23. Qh4 Qf7 24. Bc1 Ne5 25. Bxh6 gxh6 26. Qxh6+ 1-0

[Event "Women's Speed Chess Q7"]
[Site "chess.com INT"]
[Date "2021.06.06"]
[Round "21"]
[White "Zakirova, Aisha"]
[Black "Kashlinskaya, Alina"]
[Result "0-1"]
[WhiteTitle "WCM"]
[BlackTitle "IM"]
[WhiteElo "1585"]
[BlackElo "2494"]
[WhiteFideId "13719734"]
[BlackFideId "4198026"]
[EventDate "2021.06.06"]

1. d4 d5 2. c4 e6 3. Nc3 c6 4. e3 Bd6 5. Qc2 f5 6. Nf3 Nf6 7. Bd3 Nbd7 8. cxd5
cxd5 9. O-O O-O 10. Bd2 a6 11. Rac1 b6 12. Qb3 Bb7 13. a4 Ne4 14. Rfd1 g5 15.
Be1 g4 16. Nd2 Qh4 17. g3 Qh5 18. Bxe4 fxe4 19. Ndxe4 Be7 20. Nd2 Rf6 21. Nf1
Raf8 22. Ne2 e5 23. Rc7 Bc8 24. Qxd5+ Kh8 25. dxe5 Nxe5 26. Nf4 Rxf4 27. exf4
Nf3+ 28. Kh1 Qh3 29. Rxe7 Qxf1# 0-1

[Event "Women's Speed Chess Q7"]
[Site "chess.com INT"]
[Date "2021.06.06"]
[Round "21"]
[White "Ortiz Verdezoto, Anahi"]
[Black "Gaponenko, Inna"]
[Result "1-0"]
[WhiteTitle "WIM"]
[BlackTitle "IM"]
[WhiteElo "2013"]
[BlackElo "2357"]
[WhiteFideId "3614581"]
[BlackFideId "14101181"]
[EventDate "2021.06.06"]

1. d4 g6 2. c4 Bg7 3. Nc3 d6 4. e4 Nc6 5. Nge2 e5 6. d5 Nd4 7. Ng3 c5 8. dxc6
bxc6 9. Bd3 h5 10. O-O h4 11. Nh1 Be6 12. Be3 c5 13. f4 exf4 14. Bxf4 g5 15. Be3
Be5 16. Nf2 Nh6 17. Nd5 f6 18. Qh5+ Bf7 19. Qd1 O-O 20. Nh3 Be6 21. Qh5 Kg7 22.
Nxg5 Bg4 23. Ne6+ Bxe6 24. Qxh6+ Kf7 25. Qh5+ Kg7 26. Bh6+ Kh7 27. Bxf8+ Kg8 28.
Be7 Qe8 29. Qh6 Bxd5 30. Bxf6 Bxf6 31. Rxf6 Bf7 32. e5 1-0

[Event "Women's Speed Chess Q7"]
[Site "chess.com INT"]
[Date "2021.06.06"]
[Round "21"]
[White "Zhuravleva, Olga"]
[Black "Selkirk, Rebecca"]
[Result "1-0"]
[WhiteTitle "WIM"]
[BlackTitle "WCM"]
[WhiteElo "2278"]
[BlackElo "1799"]
[WhiteFideId "4145933"]
[BlackFideId "14306514"]
[EventDate "2021.06.06"]

1. e4 c6 2. Nf3 d5 3. Nc3 Bg4 4. h3 Bxf3 5. Qxf3 d4 6. Nb1 e5 7. a3 Nf6 8. d3
Be7 9. g3 c5 10. Bg2 Nc6 11. O-O O-O 12. Qe2 b5 13. Nd2 Rc8 14. f4 Qb6 15. Nf3
c4 16. fxe5 Nd7 17. Bf4 h6 18. h4 a5 19. Bh3 Rfd8 20. Kh1 cxd3 21. cxd3 b4 22.
Rac1 bxa3 23. bxa3 Bxa3 24. Rb1 Bb4 25. e6 fxe6 26. Bxe6+ Kh8 27. Ba2 Qb5 28.
Nd2 Bxd2 29. Rxb5 Nce5 30. Bxe5 Nxe5 31. Rxe5 Be3 32. Bc4 Rb8 33. Rb5 Rbc8 34.
Rfb1 Kh7 35. Rb7 Rf8 36. Qg4 1-0

[Event "Women's Speed Chess Q7"]
[Site "chess.com INT"]
[Date "2021.06.06"]
[Round "21"]
[White "Gunina, Valentina"]
[Black "Arabidze, Meri"]
[Result "1-0"]
[WhiteTitle "GM"]
[BlackTitle "IM"]
[WhiteElo "2436"]
[BlackElo "2432"]
[WhiteFideId "4167570"]
[BlackFideId "13604040"]
[EventDate "2021.06.06"]

1. d4 f5 2. c4 e6 3. Nf3 Nf6 4. g3 d5 5. Bg2 c6 6. O-O Bd6 7. Bf4 Bxf4 8. gxf4
O-O 9. Nc3 Bd7 10. e3 Be8 11. Ne5 Bh5 12. Qb3 Qe7 13. Rac1 Kh8 14. cxd5 exd5 15.
Na4 Ne4 16. Rc2 Na6 17. Nc3 Rg8 18. Nxe4 fxe4 19. f3 g5 20. fxe4 gxf4 21. Rxf4
dxe4 22. Rcf2 Rg7 23. Rxe4 Qg5 24. Ref4 Rag8 25. Qc2 Nb4 26. Qf5 Nd5 27. Qxg5
Rxg5 28. Re4 Nf6 29. Rh4 Nd5 30. Rh3 Be8 31. Kf1 R5g7 32. Be4 Rg1+ 33. Ke2 R8g7
34. Rf8+ 1-0

[Event "Women's Speed Chess Q7"]
[Site "chess.com INT"]
[Date "2021.06.06"]
[Round "21"]
[White "Semenova, Elena1"]
[Black "Avramidou, Anastasia"]
[Result "0-1"]
[WhiteTitle "WIM"]
[BlackTitle "FM"]
[WhiteElo "2246"]
[BlackElo "2238"]
[WhiteFideId "24125148"]
[BlackFideId "4239873"]
[EventDate "2021.06.06"]

1. e4 g6 2. d4 Bg7 3. Nc3 c6 4. f4 d5 5. e5 Nh6 6. Nf3 O-O 7. Bd3 f6 8. O-O c5
9. dxc5 e6 10. exf6 Bxf6 11. Ne5 Qc7 12. Be3 Nc6 13. Qe2 d4 14. Nxc6 bxc6 15.
Bd2 dxc3 16. bxc3 Nf5 17. Bc4 Kg7 18. g4 Qe7 19. gxf5 Qxc5+ 20. Be3 Qxf5 21. Bd4
c5 22. Be5 Bb7 23. Bd3 Qh3 24. Be4 Bxe4 25. Qxe4 Rad8 26. Rab1 Rd7 27. Rfe1 Rd2
28. Bxf6+ Rxf6 29. Rb7+ Kh6 30. Qh1 Qg4+ 0-1

[Event "Women's Speed Chess Q7"]
[Site "chess.com INT"]
[Date "2021.06.06"]
[Round "21"]
[White "Mendoza, Shania Mae"]
[Black "Varshini, V"]
[Result "1-0"]
[WhiteTitle "WFM"]
[BlackTitle "WGM"]
[WhiteElo "2158"]
[BlackElo "2226"]
[WhiteFideId "5211158"]
[BlackFideId "5091241"]
[EventDate "2021.06.06"]

1. e4 c5 2. Nf3 d6 3. g3 Nf6 4. d3 e6 5. Bg2 Be7 6. O-O O-O 7. h3 a6 8. Re1 Qc7
9. c3 b5 10. Nbd2 Bb7 11. Nf1 Nbd7 12. N1h2 Rfd8 13. Be3 Rac8 14. Qc2 d5 15. e5
Ne8 16. Bf4 Nb6 17. Qd2 b4 18. Rac1 a5 19. h4 Qd7 20. Ng4 a4 21. Bg5 a3 22. bxa3
bxa3 23. Qf4 Bc6 24. h5 h6 25. Bxh6 Na4 26. Bg5 Nb2 27. Bf1 c4 28. d4 Nd3 29.
Bxd3 cxd3 30. h6 Bb5 31. h7+ Kxh7 32. Qxf7 Bxg5 33. Nxg5+ 1-0

[Event "Women's Speed Chess Q7"]
[Site "chess.com INT"]
[Date "2021.06.06"]
[Round "21"]
[White "Eswaran, Aksithi"]
[Black "Jakubowska, Anna"]
[Result "0-1"]
[WhiteTitle "WCM"]
[BlackTitle "WIM"]
[WhiteElo "1745"]
[BlackElo "2073"]
[WhiteFideId "2083485"]
[BlackFideId "1121952"]
[EventDate "2021.06.06"]

1. e4 Nf6 2. e5 Nd5 3. c4 Nb6 4. c5 Nd5 5. Nc3 e6 6. Nxd5 exd5 7. d4 d6 8. cxd6
cxd6 9. Nf3 dxe5 10. dxe5 Be7 11. Be2 O-O 12. O-O Nc6 13. Be3 Bg4 14. Bf4 Qb6
15. Rb1 Rad8 16. h3 Bh5 17. Be3 d4 18. Bf4 d3 19. Bxd3 Bg6 20. Be3 Qa5 21. Bd2
Rxd3 22. Bxa5 Rxd1 23. Rfxd1 Bxb1 24. Rxb1 Nxa5 25. b4 Nc4 26. Rc1 b5 27. a4 a6
28. axb5 axb5 29. Nd4 Rb8 30. Nxb5 Rxb5 31. Rxc4 Rxb4 32. Rc8+ Bf8 33. Kh2 g6
34. g3 Re4 35. f4 Kg7 36. Kg2 h6 37. Kf3 Re1 38. Rc7 g5 39. Kg4 gxf4 40. gxf4
Rg1+ 41. Kf5 Kg8 42. Rc8 Kg7 43. Rc7 Re1 44. e6 Rxe6 45. h4 Rf6+ 46. Kg4 Rg6+
47. Kf5 h5 48. Rc5 Bxc5 0-1

[Event "Women's Speed Chess Q7"]
[Site "chess.com INT"]
[Date "2021.06.06"]
[Round "21"]
[White "Vantika, Agrawal"]
[Black "Batsiashvili, Nino"]
[Result "1-0"]
[WhiteTitle "WIM"]
[BlackTitle "GM"]
[WhiteElo "2286"]
[BlackElo "2491"]
[WhiteFideId "25050389"]
[BlackFideId "13602993"]
[EventDate "2021.06.06"]

1. d4 f5 2. Nc3 Nf6 3. Bg5 d5 4. Bxf6 exf6 5. e3 Be6 6. g3 Qd7 7. Bg2 Nc6 8.
Nge2 Ne7 9. O-O c6 10. Na4 Nc8 11. b3 Nd6 12. Nc5 Qf7 13. Nxe6 Qxe6 14. Nf4 Qf7
15. c4 dxc4 16. bxc4 Nxc4 17. d5 c5 18. Qa4+ Qd7 19. Qxc4 Bd6 20. Ne6 Kf7 21.
Rab1 b6 22. a4 h5 23. e4 fxe4 24. Qxe4 h4 25. Bh3 Qe7 26. Bf5 Rh6 27. g4 h3 28.
g5 fxg5 29. Kh1 g6 30. Bg4 Rh4 31. Rb3 Kg8 32. Qxg6+ Kh8 33. Rxh3 Rxh3 34. Bxh3
Rg8 35. Qh6+ Qh7 36. Qf6+ Rg7 37. Qxg7+ Qxg7 38. Nxg7 Kxg7 39. Be6 c4 40. Rc1 c3
41. Rxc3 Kf6 42. Rc6 Ke5 43. Kg2 a5 1-0

[Event "Women's Speed Chess Q7"]
[Site "chess.com INT"]
[Date "2021.06.06"]
[Round "21"]
[White "Nguyen, Hong Anh"]
[Black "Tania, Sachdev"]
[Result "1-0"]
[WhiteTitle "WIM"]
[BlackTitle "IM"]
[WhiteElo "1993"]
[BlackElo "2392"]
[WhiteFideId "12406732"]
[BlackFideId "5007844"]
[EventDate "2021.06.06"]

1. d4 Nf6 2. c4 e6 3. Nf3 b6 4. g3 Bb7 5. Bg2 Be7 6. O-O O-O 7. Nc3 d6 8. d5 e5
9. e4 a5 10. Ne1 Nfd7 11. Nd3 Nc5 12. Be3 Nbd7 13. b3 Nxd3 14. Qxd3 Nc5 15. Qc2
Bc8 16. a3 f5 17. b4 Nb7 18. exf5 Bxf5 19. Ne4 Qd7 20. c5 bxc5 21. bxc5 Nxc5 22.
Bxc5 dxc5 23. Nxc5 Bxc2 24. Nxd7 Rfd8 25. Nxe5 Bf6 26. Rac1 Bb3 27. Nc6 Rd6 28.
Rfe1 a4 29. Nb4 Ra7 30. Nd3 Bxd5 31. Bxd5+ Rxd5 32. Nf4 Rd7 33. Rc2 Bd4 34. Rec1
c5 35. Ne6 Rf7 36. Nxc5 Rac7 37. Nxa4 Bxf2+ 38. Kg2 Rc6 39. Rxc6 1-0

[Event "Women's Speed Chess Q7"]
[Site "chess.com INT"]
[Date "2021.06.06"]
[Round "21"]
[White "Priyanka, K"]
[Black "Von Herman, Brigitte"]
[Result "0-1"]
[WhiteTitle "WIM"]
[BlackTitle "WFM"]
[WhiteElo "2218"]
[BlackElo "1991"]
[WhiteFideId "5082986"]
[BlackFideId "4628730"]
[EventDate "2021.06.06"]

1. e4 e5 2. Nf3 Nc6 3. Bb5 a6 4. Ba4 Nf6 5. d3 b5 6. Bb3 Be7 7. Nc3 d6 8. a3 O-O
9. Nd5 Na5 10. Ba2 c5 11. b4 Nb7 12. h4 Be6 13. Nxf6+ Bxf6 14. Bd5 Qc7 15. Ng5
Bxd5 16. exd5 Rac8 17. Ne4 Be7 18. bxc5 Nxc5 19. Ng3 Na4 20. Nf5 Bf6 21. Qg4 Kh8
22. O-O Rcd8 23. Bg5 Bxg5 24. Qxg5 f6 25. Qd2 Rc8 26. Rfc1 Nc3 27. Ne3 Qc5 28.
Nd1 Nxd5 29. c4 Nf4 30. cxb5 Qxb5 31. Rxc8 Rxc8 32. g3 Ne6 33. Ne3 Nd4 34. a4
Qc6 35. Qd1 h6 36. Kf1 Qh1# 0-1

[Event "Women's Speed Chess Q7"]
[Site "chess.com INT"]
[Date "2021.06.06"]
[Round "21"]
[White "Kabanova, Ekaterina"]
[Black "Komiagina, Maria"]
[Result "1-0"]
[WhiteTitle "WFM"]
[BlackTitle "WIM"]
[WhiteElo "2138"]
[BlackElo "2241"]
[WhiteFideId "24112917"]
[BlackFideId "4153987"]
[EventDate "2021.06.06"]

1. c4 Nf6 2. e3 g6 3. a3 Bg7 4. Qc2 e5 5. Nf3 d6 6. d3 O-O 7. Nbd2 Nc6 8. Be2
Bf5 9. Nh4 Bd7 10. O-O Ne8 11. Nhf3 f5 12. Rb1 f4 13. Ne4 Bf5 14. b4 Nf6 15. b5
Ne7 16. exf4 exf4 17. Bxf4 Nh5 18. Bg5 h6 19. Be3 Bxe4 20. dxe4 Nf4 21. Bxf4
Rxf4 22. Nd2 Qd7 23. g3 Rff8 24. Bf3 g5 25. Bg2 Ng6 26. Rbd1 Rae8 27. c5 Qxb5
28. cxd6 cxd6 29. Nf3 Rc8 30. Qa2+ Kh8 31. Rxd6 Ne7 32. e5 Nc6 33. Qe6 Rce8 34.
Qg6 Nxe5 35. Nxe5 Rxe5 36. Be4 Rxe4 37. Qxe4 Qb2 38. Rd7 b5 39. Rxa7 Qc3 40. Rb7
Qb2 41. a4 b4 42. Rxb4 1-0

[Event "Women's Speed Chess Q7"]
[Site "chess.com INT"]
[Date "2021.06.06"]
[Round "21"]
[White "Nguyen, Hong Ngoc"]
[Black "Grigoryan, Meri"]
[Result "0-1"]
[WhiteTitle "WCM"]
[BlackTitle "WFM"]
[WhiteElo "1957"]
[BlackElo "2044"]
[WhiteFideId "12403083"]
[BlackFideId "13300571"]
[EventDate "2021.06.06"]

1. e4 d5 2. exd5 Qxd5 3. d4 c5 4. dxc5 Qxd1+ 5. Kxd1 e5 6. b4 a5 7. c3 Nf6 8.
Nf3 Bg4 9. Be2 axb4 10. cxb4 Nc6 11. Bd2 e4 12. Ng1 O-O-O 13. a3 Nd4 14. Ra2 g6
15. h3 Be6 16. Rb2 Bg7 17. Nc3 Nb3 18. Ke1 Ne8 19. Bg4 Nxd2 20. Bxe6+ fxe6 21.
Nge2 Nc4 22. Rc2 Nf6 23. f3 exf3 24. gxf3 Ne3 25. Rd2 Nfd5 26. Nd4 Bxd4 27. Rxd4
Nxc3 28. Re4 Nxe4 29. fxe4 Rd1+ 30. Ke2 Rxh1 31. Kxe3 Rxh3+ 32. Kd4 Rxa3 33. Ke5
Re8 34. c6 bxc6 35. Kd6 Rd8+ 36. Ke7 Ra7+ 37. Kf6 e5 38. b5 cxb5 39. Kg5 Rd4 40.
Kh6 Ra2 41. Kg7 g5 42. Kh8 g4 43. Kg8 g3 44. Kf8 g2 45. Kg8 Rf2 46. Kh8 Rf8+ 47.
Kg7 g1=Q+ 48. Kxf8 Rxe4 49. Kf7 Rf4+ 50. Ke6 Qg6+ 51. Kd5 Rd4+ 52. Kc5 Qd6+ 53.
Kxb5 Rb4+ 54. Ka5 Qb6# 0-1

[Event "Women's Speed Chess Q7"]
[Site "chess.com INT"]
[Date "2021.06.06"]
[Round "21"]
[White "Tokhirjonova, Gulrukhbegim"]
[Black "Babiy, Olga"]
[Result "0-1"]
[WhiteTitle "WGM"]
[BlackTitle "WGM"]
[WhiteElo "2344"]
[BlackElo "2280"]
[WhiteFideId "14203626"]
[BlackFideId "14117258"]
[EventDate "2021.06.06"]

1. Nf3 d5 2. g3 Nd7 3. Bg2 e5 4. d3 Ngf6 5. O-O Bd6 6. Nbd2 O-O 7. b3 c6 8. Bb2
Qe7 9. c4 h6 10. Rc1 e4 11. Nd4 Nc5 12. cxd5 cxd5 13. b4 Na6 14. a3 e3 15. fxe3
Qxe3+ 16. Kh1 Ng4 17. Qe1 Re8 18. Bxd5 Be6 19. Bxb7 Nc7 20. Ne4 Be5 21. Nxe6
Nxe6 22. Bxe5 Nxe5 23. Bxa8 Rxa8 24. Qf2 Ng4 25. Qxf7+ Kh8 26. Qxe6 Qxe2 27.
Rc8+ Rxc8 28. Qxc8+ Kh7 29. Qf5+ Kh8 30. Rf2 Qe1+ 31. Kg2 Ne3+ 32. Kh3 Nxf5 33.
Rxf5 Qd1 34. Nc5 Qe1 35. Rf8+ Kh7 36. Rf3 Qd1 37. Kg2 Qa1 38. d4 Qb2+ 39. Rf2
Qxd4 40. Ne6 Qe4+ 41. Rf3 Qxe6 42. h4 Qa2+ 43. Kh3 Qe2 44. Rf4 Qe6+ 45. Kg2 Qa2+
46. Kh3 Qxa3 47. h5 Qc1 48. Kg4 Qd1+ 49. Kh4 Qe2 50. Rg4 Qh2# 0-1

[Event "Women's Speed Chess Q7"]
[Site "chess.com INT"]
[Date "2021.06.06"]
[Round "21"]
[White "Frayna, Janelle Mae"]
[Black "Chu, Ruotong"]
[Result "1-0"]
[WhiteTitle "WGM"]
[BlackTitle "WIM"]
[WhiteElo "2179"]
[BlackElo "2207"]
[WhiteFideId "5212499"]
[BlackFideId "8605653"]
[EventDate "2021.06.06"]

1. e4 c5 2. Nf3 e6 3. g3 Nf6 4. e5 Nd5 5. Bg2 Nc6 6. O-O b5 7. a4 b4 8. d4 d6 9.
exd6 Bxd6 10. c4 bxc3 11. Nxc3 O-O 12. Nxd5 exd5 13. dxc5 Bxc5 14. Qc2 Qb6 15.
Ng5 g6 16. a5 Nxa5 17. Bxd5 Bb7 18. Rxa5 Rac8 19. Qb3 Bxd5 20. Qxb6 axb6 21. Ra7
h6 22. Nh3 Bc4 23. Re1 b5 24. Ra1 Rfe8 25. Bxh6 Rxe1+ 26. Rxe1 Be6 27. Nf4 Bc4
28. Rc1 Bd4 29. b3 Be6 30. Nxe6 Rxc1+ 31. Bxc1 fxe6 32. Kf1 Kf7 33. Ke2 Kf6 34.
Be3 Bc3 35. Kd3 Be5 36. f4 Bd6 37. Ke4 e5 38. fxe5+ Bxe5 39. Bd4 Bxd4 40. Kxd4 1-0

[Event "Women's Speed Chess Q7"]
[Site "chess.com INT"]
[Date "2021.06.06"]
[Round "21"]
[White "Sviridova, Vlada"]
[Black "Pourkashiyan, Atousa"]
[Result "1-0"]
[WhiteTitle "WFM"]
[BlackTitle "WGM"]
[WhiteElo "2144"]
[BlackElo "2322"]
[WhiteFideId "24109606"]
[BlackFideId "12502014"]
[EventDate "2021.06.06"]

1. d4 Nf6 2. c4 e6 3. Nf3 d5 4. Nc3 Be7 5. Bf4 O-O 6. e3 c5 7. dxc5 Bxc5 8. a3
Nc6 9. Qc2 h6 10. Rd1 Be7 11. cxd5 exd5 12. Be2 Be6 13. O-O Rc8 14. Ne5 Nxe5 15.
Bxe5 Ne4 16. Bf3 Nxc3 17. Bxc3 Bf6 18. Qd3 Bxc3 19. bxc3 Qf6 20. Bxd5 Rxc3 21.
Qe4 Bxd5 22. Qxd5 b6 23. a4 Ra3 24. Rd4 Rc8 25. h4 Rc5 26. Qd7 a5 27. Rf4 Qe6
28. Qd8+ Kh7 29. Qf8 f6 30. g3 Rac3 31. Qd8 Rc1 32. Qd3+ Kg8 33. Qd8+ Kh7 34.
Rxc1 Rxc1+ 35. Kh2 Qc6 36. Qd3+ Kg8 37. Re4 Rc2 38. Kg1 Rc1+ 39. Kh2 Rc3 40.
Qd8+ Kh7 41. Re8 Rc1 42. Qd3+ f5 43. Qxf5+ Qg6 44. Rh8+ Kxh8 45. Qxg6 Rc2 46.
Qxc2 1-0

[Event "Women's Speed Chess Q7"]
[Site "chess.com INT"]
[Date "2021.06.06"]
[Round "21"]
[White "Kulkarni, Bhakti"]
[Black "Garifullina, Leya"]
[Result "1/2-1/2"]
[WhiteTitle "IM"]
[BlackTitle "WGM"]
[WhiteElo "2391"]
[BlackElo "2399"]
[WhiteFideId "5019516"]
[BlackFideId "34127035"]
[EventDate "2021.06.06"]

1. e4 c5 2. b3 d6 3. Bb2 Nf6 4. Nc3 Nc6 5. f4 e5 6. f5 d5 7. d3 dxe4 8. dxe4
Qxd1+ 9. Rxd1 a6 10. Nf3 g6 11. Nd5 Nxd5 12. exd5 Nd4 13. Nxe5 Nxc2+ 14. Kd2
Bxf5 15. Bd3 Nd4 16. Bxf5 gxf5 17. Rhe1 Bh6+ 18. Kd3 O-O 19. Bxd4 cxd4 20. Kxd4
Rfd8 21. g4 fxg4 22. Nxg4 Bg7+ 23. Ne5 Rd6 24. Kc5 Rad8 25. Nc4 R6d7 26. d6 Bf8
27. Rd5 b5 28. Rg5+ Kh8 29. Reg1 Bxd6+ 30. Nxd6 Rxd6 31. Rf5 R8d7 32. Rxf7 Rxf7
33. Kxd6 Rf2 34. a4 bxa4 35. bxa4 Rxh2 36. Kc5 Ra2 37. Kb4 h6 38. Rg6 Kh7 39.
Rxa6 h5 40. a5 h4 41. Rd6 h3 42. Rd3 h2 43. Rh3+ Kg6 44. Kb5 Kg5 45. a6 Kg4 46.
Rh8 Kg3 47. Kb6 Kg2 48. Rg8+ Kf2 49. Rh8 Kg2 50. a7 h1=Q 51. Rxh1 Kxh1 52. Kb7
Rxa7+ 53. Kxa7 1/2-1/2

[Event "Women's Speed Chess Q7"]
[Site "chess.com INT"]
[Date "2021.06.06"]
[Round "21"]
[White "Pham, Le Thao Nguyen"]
[Black "Vo, Thi Kim Phung"]
[Result "1-0"]
[WhiteTitle "IM"]
[BlackTitle "WGM"]
[WhiteElo "2369"]
[BlackElo "2335"]
[WhiteFideId "12401226"]
[BlackFideId "12401838"]
[EventDate "2021.06.06"]

1. d4 Nf6 2. Nf3 e6 3. Bf4 c5 4. e3 d5 5. c3 Nc6 6. Nbd2 Qb6 7. Qb3 c4 8. Qc2
Bd7 9. h3 Rc8 10. Be2 Qd8 11. O-O Be7 12. e4 dxe4 13. Nxe4 Nxe4 14. Qxe4 b5 15.
Rfe1 O-O 16. Bd1 Bf6 17. Bc2 g6 18. Rad1 Ne7 19. Bg5 Nd5 20. Qh4 Be7 21. Bxe7
Qxe7 22. Ng5 f6 23. Nf3 Rce8 24. Be4 Bc6 25. Qg3 Qg7 26. Nh2 f5 27. Bf3 h5 28.
Qd6 Qd7 29. Qxd7 Bxd7 30. Bxd5 exd5 31. Nf3 Re4 32. Ng5 Rxe1+ 33. Rxe1 Re8 34.
Rxe8+ Bxe8 35. Kf1 Kf8 36. Ke2 Ke7 37. Ke3 Kf6 38. Kf4 Bd7 39. h4 a6 40. g3 Be8
41. Nf3 Bd7 42. Ne5 Bc8 43. a3 Be6 44. Nc6 Bc8 45. f3 Bd7 46. Nb4 Ke6 47. Nxa6 1-0